Fertilizer nitrogen: Its chemistry and technology. (Record no. 21243)

MARC details
000 -LEADER
fixed length control field 00332nam a2200121Ia 4500
082 ## - DEWEY DECIMAL CLASSIFICATION NUMBER
Classification number 631.84:66
Item number SAU
100 ## - MAIN ENTRY--AUTHOR NAME
Personal name SAUCHELLI, Vincent
245 #0 - TITLE STATEMENT
Title Fertilizer nitrogen: Its chemistry and technology.
260 ## - PUBLICATION, DISTRIBUTION, ETC. (IMPRINT)
Place of publication New York
Name of publisher Reinhold
Year of publication 1964
650 ## - SUBJECT ADDED ENTRY--TOPICAL TERM
Topical Term Soil nitrogen
942 ## - ADDED ENTRY ELEMENTS (KOHA)
Koha item type Books
Holdings
Withdrawn status Lost status Damaged status Not for loan Home library Current library Date acquired Full call number Accession Number Koha item type
        RRII Library RRII Library 16/12/2021 631.84:66 SAU 01963 Books